Sistema de derecho civil.
Spremljeno u:
| Glavni autor: | |
|---|---|
| Daljnji autori: | |
| Format: | Knjiga |
| Izdano: |
Madrid, España:
Tecnos,
1977.
|
| Izdanje: | 1.ª edición. |
| Serija: | Biblioteca Universitaria
|
| Teme: | |
| Oznake: |
Dodaj oznaku
Bez oznaka, Budi prvi tko označuje ovaj zapis!
|
MARC
| LEADER | 00000nam a2200000 a 4500 | ||
|---|---|---|---|
| 001 | UCS1614 | ||
| 003 | CL-VaPUC | ||
| 005 | 20231116113048.0 | ||
| 008 | 231026t1977 ||||| |||| 00| 0 eng d | ||
| 999 | |c 442201 |d 442199 | ||
| 020 | |a 84-309-0588-X (o.c.) | ||
| 020 | |a 84-309-0591-X (v.III) | ||
| 040 | |c Pontificia Universidad Católica de Valparaíso | ||
| 082 | 0 | 4 | |2 21 |a 346.46 DIE 1977 |
| 100 | 1 | |a Díez-Picazo y Ponce de León, Luis María |e autor |9 386217 | |
| 245 | 1 | 0 | |a Sistema de derecho civil. |
| 250 | |a 1.ª edición. |b Reimpresión (1978) | ||
| 260 | |a Madrid, España: |b Tecnos, |c 1977. | ||
| 300 | |a v | ||
| 490 | 0 | |a Biblioteca Universitaria | |
| 500 | |a c.1.v.III. Donación Jorge López Santa María. Memo N° 40. 2023 | ||
| 505 | |a v.III: Derecho de Cosas | ||
| 583 | |a last modification |c 19970515 00:00:00 |k Catalogador Asistente | ||
| 650 | 1 | 0 | |a Derecho civil español |9 390729 |
| 650 | 1 | |a Cosas |x Derecho |9 885504 | |
| 650 | 1 | |a Derecho de propiedad |9 256450 | |
| 700 | |a Gullón, Antonio |e autor |9 386218 | ||
| 942 | |c BK |2 ddc | ||
| 952 | |0 0 |1 0 |2 ddc |4 0 |6 346_460000000000000_DIE_1977 |7 0 |8 A |9 592168 |a BIBDER |b BIBDER |d 2023-10-26 |e Donación |h v.III |i 5659170 |o 346.46 DIE 1977 |p 5659170 |r 2023-10-26 |t 1 |w 2023-10-26 |y BK |k DER | ||